| 000 | 01198nam a2200385 a 4500 | ||
|---|---|---|---|
| 001 | 44227 | ||
| 003 | ES-MaCES | ||
| 005 | 20160601113930.0 | ||
| 008 | 120704s2013 sp 000|0 spad | ||
| 017 |
_aM 13340-20132 _bDL |
||
| 020 | _a9788494074127 | ||
| 035 | _aCES20120004712m | ||
| 040 |
_aES-MaCES _bspa _cES-MaCES |
||
| 041 | 0 |
_aspa _hfre |
|
| 100 | 1 |
_aNaïr, Sami _919468 |
|
| 245 | 1 | 1 |
_a¿Por qué se rebelan? _b: revoluciones y contrarrevoluciones en el mundo árabe _cSami Naïr ; trad. de Samia Nassera Zini y Hélène Fabre |
| 250 | _a1ª ed | ||
| 260 |
_aMadrid _bClave intelectual _c2013 |
||
| 300 |
_a243 p. _c22 |
||
| 541 | _cCompra | ||
| 650 | 4 |
_arevolución _929389 |
|
| 650 | 4 |
_amovimiento político _929901 |
|
| 650 | 4 |
_amovimiento social _927313 |
|
| 650 | 4 |
_aislam _927334 |
|
| 650 | 4 |
_areligión _927326 |
|
| 650 | 4 |
_aderecho islámico _930010 |
|
| 650 | 4 |
_apaís árabe _926973 |
|
| 650 | 4 |
_aestudio de casos _928846 |
|
| 653 | 1 | 0 | _aCiencias Sociales-Políticas |
| 700 | 1 |
_aNassera Zini, Samia _etr. _934725 |
|
| 700 | 1 |
_aFabre, Hélène _etr. _934726 |
|
| 902 | _aLIB Libro | ||
| 942 |
_2CES _cBK _h7.0. |
||
| 999 |
_c44227 _d44227 |
||